| 000 | 00667nam a22002417a 4500 | ||
|---|---|---|---|
| 005 | 20230411160645.0 | ||
| 008 | 230411b ||||| |||| 00| 0 eng d | ||
| 040 | _cAL | ||
| 041 | _aeng | ||
| 082 |
_a320/258 _bRAMP |
||
| 100 |
_aH T Ramakrishna _986446 |
||
| 245 | _aPolitical theory and practice | ||
| 260 |
_aMysore _bLalitha Prakashana _c2000 |
||
| 300 |
_aiv,192p. _bPB _c21x14cm. |
||
| 365 | _2Political Science | ||
| 650 |
_aCitizenship _986447 |
||
| 650 |
_aPolitical Theories _986448 |
||
| 650 |
_aParty System _986449 |
||
| 650 |
_aNationalism _986450 |
||
| 700 |
_aRAMAKRISHNA (H T) _986451 |
||
| 700 |
_aRAJEEV (M R) Ed _986452 |
||
| 942 |
_2ddc _cDB |
||
| 999 |
_c227168 _d227168 |
||